[Event "San Vicente op 9th"]
[Site "San Vicente"]
[Date "2025.04.20"]
[Round "7"]
[White "Zwirs, Nico"]
[Black "Chueca Forcen, Alberto"]
[Result "1-0"]
[WhiteElo "2457"]
[BlackElo "2302"]
[PlyCount "103"]
[EventDate "2025.04.16"]
[EventType "swiss"]
[EventRounds "9"]
[EventCountry "ESP"]
[SourceTitle "CB17_2025"]
[SourceDate "2025.04.23"]
[SourceVersion "1"]
[SourceVersionDate "2025.04.23"]
[SourceQuality "1"]

1. e4 c6 2. d4 d5 3. Nc3 dxe4 4. Nxe4 Nf6 5. Nxf6+ exf6 6. c3 Bd6 7. Bd3 0-0 8. Qc2 Re8+ 9. Ne2 h5 10. 0-0 h4 11. Bd2 Nd7 12. Rfe1 Nf8 13. Nf4 Bd7 14. Rxe8 Qxe8 15. Re1 Qb8 16. g3 Qc7 17. a3 Ne6 18. Nxe6 Bxe6 19. Bh7+ Kf8 20. Be4 Re8 21. Bg2 hxg3 22. hxg3 g6 23. c4 Kg7 24. Qd3 Rh8 25. Bc3 b5 26. cxb5 cxb5 27. Qxb5 Bxg3 28. fxg3 Qxg3 29. Rxe6 Qh2+ 30. Kf1 Qf4+ 31. Ke1 Qg3+ 32. Kd1 fxe6 33. Qd7+ Kh6 34. Bd2+ g5 35. Bc6 Qg4+ 36. Kc1 Kg6 37. Qxa7 Qe2 38. Qc5 Qf1+ 39. Kc2 Qf5+ 40. Qxf5+ Kxf5 41. Kd3 Rh3+ 42. Be3 Rh8 43. b4 Kg4 44. Bd7 f5 45. Bxe6 Rf8 46. d5 Kh4 47. Bc5 Ra8 48. Bxf5 Rxa3+ 49. Ke4 g4 50. d6 g3 51. d7 Ra8 52. Be7+ 1-0

[Event "Catalunya-chT Gp1 Final"]
[Site "Barcelona"]
[Date "2023.03.25"]
[Round "2.8"]
[White "Martin Barcelo, Carles"]
[Black "Chueca Forcen, Alberto"]
[Result "1-0"]
[WhiteElo "2212"]
[BlackElo "2359"]
[PlyCount "119"]
[EventDate "2023.03.18"]
[EventType "team-k.o."]
[EventRounds "3"]
[EventCountry "ESP"]
[SourceTitle "EXT 2024"]
[Source "ChessBase"]
[SourceDate "2023.10.10"]
[SourceVersion "1"]
[SourceVersionDate "2023.10.10"]
[SourceQuality "1"]
[WhiteTeam "Barcelona Escacs CC"]
[BlackTeam "Valls"]
[WhiteTeamCountry "ESP"]
[BlackTeamCountry "ESP"]

1. e4 c5 2. Nf3 Nc6 3. Bb5 g6 4. 0-0 Bg7 5. c3 Nf6 6. Re1 0-0 7. d4 d5 8. e5 Ne4 9. Bxc6 bxc6 10. Be3 Rb8 11. Qc1 Qb6 12. b3 f6 13. dxc5 Qc7 14. e6 g5 15. b4 f5 16. Bd4 g4 17. Bxg7 Kxg7 18. Nd4 Rf6 19. Nd2 Bxe6 20. Nxe4 fxe4 21. Qg5+ Kh8 22. Nxe6 Rxe6 23. Qxg4 Rg6 24. Qh5 Qf4 25. g3 Rf8 26. Qe2 e5 27. c4 Qf5 28. cxd5 cxd5 29. Rad1 Rh6 30. f3 exf3 31. Qxe5+ Kg8 32. Qxf5 Rxf5 33. Re7 f2+ 34. Kg2 Ra6 35. Re2 Ra4 36. Rb2 Kf7 37. b5 Ke6 38. b6 axb6 39. cxb6 Ra8 40. Rf1 d4 41. Rfxf2 Rfa5 42. b7 Rb8 43. Rfc2 Ra7 44. Rc7 h5 45. Kf2 Kd5 46. Ke2 Kd6 47. Rh7 Kd5 48. Kd3 Ra3+ 49. Rb3 Rxa2 50. Rxh5+ Kc6 51. Rh6+ Kc7 52. Rh7+ Kc6 53. Kxd4 Re2 54. Rc3+ Kb6 55. Rb3+ Ka7 56. Ra3+ Kb6 57. Rh6+ Kc7 58. Rc3+ Kd7 59. Rh7+ Kd6 60. Rc8 1-0

[Event "Catalunya-chT Gp2"]
[Site "Barcelona"]
[Date "2022.03.05"]
[Round "7.4"]
[White "Pi Pares, Albert"]
[Black "Chueca Forcen, Alberto"]
[Result "0-1"]
[WhiteElo "2222"]
[BlackElo "2347"]
[PlyCount "140"]
[EventDate "2022.01.22"]
[EventType "team-tourn"]
[EventRounds "9"]
[EventCountry "ESP"]
[SourceTitle "CBM 208 Extra"]
[Source "ChessBase"]
[SourceDate "2022.07.31"]
[SourceVersion "1"]
[SourceVersionDate "2022.07.31"]
[SourceQuality "1"]
[WhiteTeam "Figueres"]
[BlackTeam "Valls"]
[WhiteTeamCountry "ESP"]
[BlackTeamCountry "ESP"]

1. e4 e5 2. Nf3 Nc6 3. Nc3 Nf6 4. d4 exd4 5. Nxd4 Bb4 6. Nxc6 bxc6 7. Bd3 d5 8. Bd2 Bxc3 9. Bxc3 dxe4 10. Bc4 Bg4 11. Qc1 0-0 12. Qf4 Qd6 13. Qg5 h6 14. Qh4 Be6 15. Rd1 Nd5 16. 0-0 Qf4 17. Qxf4 Nxf4 18. Ba6 Bc8 19. Bc4 Be6 20. Rd4 Bd5 21. Ba6 Rfe8 22. b3 Re6 23. Re1 Rg6 24. g3 Ne6 25. Rdd1 f5 26. h4 f4 27. Kh2 e3 28. Bd3 exf2 29. Bxg6 fxg3+ 30. Kxg3 fxe1Q+ 31. Rxe1 Rf8 32. Be5 Rf3+ 33. Kg4 Nf8 34. Bd3 g6 35. h5 gxh5+ 36. Kxh5 Be6 37. Kxh6 Kf7 38. Kg5 Ke7 39. Bxc7 Kd7 40. Bb8 a5 41. Rd1 Kc8 42. Bd6 Nd7 43. Re1 Bf7 44. Re7 Kd8 45. Re4 Rf2 46. Rh4 Nb6 47. Bc5 Rg2+ 48. Kf6 Nd7+ 49. Kxf7 Nxc5 50. Bf5 Rf2 51. Kf6 Kc7 52. Ke5 Kb6 53. Kd4 Rxf5 54. a3 Ne6+ 55. Ke4 Rf2 56. Kd3 Rf3+ 57. Ke2 Rg3 58. Re4 Rg2+ 59. Kd1 Nc7 60. Kc1 Na6 61. Kb2 Nc5 62. Rd4 Re2 63. b4 Na6 64. Kb3 Re3+ 65. Ka4 axb4 66. axb4 Rc3 67. Rd2 Rc4 68. Kb3 Rxb4+ 69. Kc3 Rh4 70. Rg2 Nc7 0-1

[Event "Catalunya-chT Gp2"]
[Site "Barcelona"]
[Date "2020.02.08"]
[Round "4.6"]
[White "Oms Fuentes, Lluis"]
[Black "Chueca Forcen, Alberto"]
[Result "1-0"]
[WhiteElo "2297"]
[BlackElo "2358"]
[PlyCount "127"]
[EventDate "2020.01.18"]
[EventType "team-tourn"]
[EventRounds "7"]
[EventCountry "ESP"]
[SourceTitle "CBM 194 Extra"]
[Source "ChessBase"]
[SourceDate "2020.03.31"]
[SourceVersion "1"]
[SourceVersionDate "2020.03.31"]
[SourceQuality "1"]
[WhiteTeam "Barcelona Escacs CC"]
[BlackTeam "Barcelona Escola Escacs"]
[WhiteTeamCountry "ESP"]
[BlackTeamCountry "ESP"]

1. e4 c5 2. Nc3 Nc6 3. g3 g6 4. Bg2 Bg7 5. d3 d6 6. Be3 e6 7. Qd2 Nd4 8. Nd1 Ne7 9. c3 Ndc6 10. Bh6 0-0 11. h4 Kh8 12. Bxg7+ Kxg7 13. h5 Ng8 14. Ne3 b5 15. Ne2 Bb7 16. 0-0-0 Qa5 17. Kb1 b4 18. c4 Qb6 19. Ng4 e5 20. hxg6 fxg6 21. f4 Rae8 22. f5 Qd8 23. Rdf1 gxf5 24. exf5 Kh8 25. f6 Rf7 26. Bd5 Ref8 27. Bxf7 Rxf7 28. Rxh7+ Rxh7 29. f7 Qf8 30. fxg8Q+ Qxg8 31. Nf6 Qf7 32. g4 Rh3 33. Qg5 Ne7 34. Ng3 Qg6 35. Qxg6 Nxg6 36. Nf5 Rxd3 37. Rf2 Nf4 38. Kc2 Rh3 39. Nxd6 Bh1 40. Nf5 Ne6 41. Re2 Nd4+ 42. Nxd4 exd4 43. Re7 Rh2+ 44. Kd3 Rh3+ 45. Kd2 Rh2+ 46. Re2 Rxe2+ 47. Kxe2 Bc6 48. Nh5 Bd7 49. Kf3 Be6 50. b3 Kg8 51. Nf4 Bf7 52. Ke2 Kg7 53. Nd3 Bg6 54. Nxc5 Bb1 55. Kd2 Kf6 56. Kc1 Bg6 57. Na6 Kg5 58. Nxb4 Kxg4 59. Nc6 Kf4 60. Nxd4 Ke3 61. Nc6 a6 62. Ne7 Be8 63. c5 Kd4 64. c6 1-0

[Event "Zaragoza Rey Ardid 1st"]
[Site "Zaragoza"]
[Date "2019.07.21"]
[Round "9"]
[White "Chueca Forcen, Alberto"]
[Black "Llorente Zaro, Alfonso"]
[Result "1/2-1/2"]
[WhiteElo "2283"]
[BlackElo "2445"]
[PlyCount "43"]
[EventDate "2019.07.15"]
[EventType "tourn"]
[EventRounds "9"]
[EventCountry "ESP"]
[EventCategory "3"]
[SourceTitle "CBM 191 Extra"]
[Source "ChessBase"]
[SourceDate "2019.09.30"]
[SourceVersion "1"]
[SourceVersionDate "2019.09.30"]
[SourceQuality "1"]

1. d4 d5 2. Bf4 Nf6 3. e3 e6 4. Nd2 c5 5. c3 Nc6 6. Ngf3 Bd6 7. Bg3 0-0 8. Bd3 Qe7 9. Ne5 Nd7 10. Nxd7 Qxd7 11. Bxd6 Qxd6 12. dxc5 Qxc5 13. Bxh7+ Kxh7 14. Qh5+ Kg8 15. Ne4 g6 16. Qg5 Qe7 17. Nf6+ Kg7 18. Nh5+ Kh7 19. Nf6+ Kg7 20. Nh5+ Kh7 21. Nf6+ Kg7 22. Nh5+ 1/2-1/2

[Event "Zaragoza Rey Ardid 1st"]
[Site "Zaragoza"]
[Date "2019.07.16"]
[Round "3"]
[White "Randazzo, Adrian"]
[Black "Chueca Forcen, Alberto"]
[Result "1-0"]
[WhiteElo "2227"]
[BlackElo "2283"]
[PlyCount "59"]
[EventDate "2019.07.15"]
[EventType "tourn"]
[EventRounds "9"]
[EventCountry "ESP"]
[EventCategory "3"]
[SourceTitle "CBM 191 Extra"]
[Source "ChessBase"]
[SourceDate "2019.09.30"]
[SourceVersion "1"]
[SourceVersionDate "2019.09.30"]
[SourceQuality "1"]

1. Nf3 d5 2. e3 c5 3. c4 d4 4. b4 dxe3 5. fxe3 cxb4 6. d4 Nd7 7. Qa4 e5 8. Nxe5 Bd6 9. Nf3 Ngf6 10. c5 Bc7 11. Bc4 0-0 12. 0-0 a5 13. a3 bxa3 14. Nxa3 Ne4 15. Nb5 Bb8 16. Ba3 Ndf6 17. Qc2 Re8 18. d5 Bg4 19. d6 Bh5 20. Rad1 Nd7 21. Bd5 Bg6 22. Qc4 Ba7 23. Bxb7 Rb8 24. Nxa7 Rxb7 25. Nc6 Qf6 26. Ne7+ Kh8 27. c6 Nb6 28. d7 Nxd7 29. cxb7 Qb6 30. Qd4 1-0

[Event "Alcoy Tabiya 8th"]
[Site "Alcoy"]
[Date "2019.07.13"]
[Round "7"]
[White "Villar Reymundo, Juan Antonio"]
[Black "Chueca Forcen, Alberto"]
[Result "0-1"]
[WhiteElo "2198"]
[BlackElo "2283"]
[PlyCount "124"]
[EventDate "2019.07.09"]
[EventType "tourn"]
[EventRounds "9"]
[EventCountry "ESP"]
[EventCategory "2"]
[SourceTitle "CBM 191 Extra"]
[Source "ChessBase"]
[SourceDate "2019.09.30"]
[SourceVersion "1"]
[SourceVersionDate "2019.09.30"]
[SourceQuality "1"]

1. d4 d5 2. c4 dxc4 3. Nf3 c5 4. e3 cxd4 5. Bxc4 Qc7 6. Qb3 e6 7. exd4 Nf6 8. Nc3 a6 9. 0-0 Nc6 10. Qd1 Be7 11. a3 0-0 12. Qe2 b5 13. Ba2 Bb7 14. Bg5 Ng4 15. g3 h6 16. Be3 Nxe3 17. fxe3 b4 18. Ne4 bxa3 19. bxa3 Qa5 20. Nfd2 Rad8 21. Nb3 Qc7 22. Nbc5 Bxc5 23. Nxc5 Bc8 24. Rac1 Qd6 25. Bb1 Ne7 26. Qc2 f5 27. Ba2 Kh8 28. Qb2 Ng6 29. Rfd1 Rde8 30. Nd3 e5 31. Qb4 Qf6 32. Qc5 exd4 33. Qxd4 Qg5 34. Nf4 Ne5 35. Bd5 Ng4 36. Re1 Qf6 37. Bf3 Ne5 38. Bg2 Kh7 39. Qa7 Rf7 40. Rc7 Rxc7 41. Qxc7 Qd8 42. Qc2 Ng4 43. Nd5 Qd6 44. Qc3 Bb7 45. Rd1 Bxd5 46. Rxd5 Qb6 47. Qd4 Qxd4 48. Rxd4 Rxe3 49. Bh3 Rxa3 50. Bxg4 fxg4 51. Rxg4 Rf3 52. Kg2 Rf6 53. h4 Kg8 54. h5 Kf7 55. Kh3 a5 56. Ra4 Ra6 57. Kh4 Ke6 58. g4 Kd5 59. g5 Kc5 60. gxh6 gxh6 61. Kg4 Kb5 62. Ra1 a4 0-1

[Event "Alcoy Tabiya 8th"]
[Site "Alcoy"]
[Date "2019.07.11"]
[Round "5"]
[White "Petrosian, Davit Gevorgi"]
[Black "Chueca Forcen, Alberto"]
[Result "0-1"]
[WhiteElo "2412"]
[BlackElo "2283"]
[PlyCount "86"]
[EventDate "2019.07.09"]
[EventType "tourn"]
[EventRounds "9"]
[EventCountry "ESP"]
[EventCategory "2"]
[SourceTitle "CBM 191 Extra"]
[Source "ChessBase"]
[SourceDate "2019.09.30"]
[SourceVersion "1"]
[SourceVersionDate "2019.09.30"]
[SourceQuality "1"]

1. e4 e5 2. Nf3 Nc6 3. d4 exd4 4. Nxd4 Nf6 5. Nxc6 bxc6 6. e5 Qe7 7. Qe2 Nd5 8. h4 Bb7 9. c4 Nb6 10. Nc3 Qe6 11. b3 a5 12. g3 Bb4 13. Bd2 c5 14. Bh3 Qc6 15. Rg1 Qg6 16. h5 Qc2 17. Rc1 Qb2 18. Qd1 Bxc3 19. Bxc3 Qa3 20. h6 0-0-0 21. hxg7 Rhg8 22. Qd2 a4 23. Qb2 Qxb2 24. Bxb2 axb3 25. axb3 Rxg7 26. Bf5 Re8 27. f4 f6 28. Kd2 fxe5 29. Bxe5 Rge7 30. Rce1 Kb8 31. Bg7 d5 32. Bxh7 dxc4 33. Bf6 c3+ 34. Bxc3 Rd8+ 35. Kc1 Rxh7 36. g4 Rd3 37. Be5 Nd5 38. g5 Nb4 39. f5 Rf3 40. g6 Nd3+ 41. Kd2 Rd7 42. g7 Nxe1+ 43. Kxe1 Bd5 0-1

[Event "Catalunya-ch"]
[Site "Vila Seca"]
[Date "2019.04.21"]
[Round "7"]
[White "Chueca Forcen, Alberto"]
[Black "Garcia Ramos, Daniel"]
[Result "1-0"]
[WhiteElo "2270"]
[BlackElo "2286"]
[PlyCount "97"]
[EventDate "2019.04.18"]
[EventType "swiss"]
[EventRounds "8"]
[EventCountry "ESP"]
[SourceTitle "CBM 189 Extra"]
[Source "ChessBase"]
[SourceDate "2019.05.31"]
[SourceVersion "1"]
[SourceVersionDate "2019.05.31"]
[SourceQuality "1"]

1. d4 d5 2. c4 c6 3. cxd5 cxd5 4. Nc3 Nc6 5. Nf3 Nf6 6. Bf4 Bf5 7. Qb3 Na5 8. Qa4+ Bd7 9. Qc2 e6 10. e3 Rc8 11. Bd3 Bb4 12. 0-0 0-0 13. Ne5 h6 14. h3 Qe7 15. a3 Bxc3 16. bxc3 Rfd8 17. Bg3 b6 18. Bh4 g5 19. Bg3 Nc4 20. Bxc4 dxc4 21. f4 Be8 22. fxg5 hxg5 23. Rf3 Nh5 24. Bh2 f6 25. Ng4 f5 26. Ne5 Ng7 27. g4 Bd7 28. Nxd7 Rxd7 29. Be5 Rf8 30. Qa4 Rdd8 31. Raf1 fxg4 32. hxg4 Rxf3 33. Rxf3 Qb7 34. Kf2 b5 35. Qc2 Rf8 36. Rxf8+ Kxf8 37. Qh7 Qf7+ 38. Ke2 Ne8 39. Qh6+ Ke7 40. Qxg5+ Kd7 41. Bf4 a6 42. Qc5 Qg6 43. Kf3 Qb1 44. Qa7+ Kd8 45. Bg5+ Kc8 46. Qa8+ Kc7 47. Bf4+ Nd6 48. Qa7+ Kd8 49. Qb8+ 1-0

[Event "Catalunya-ch"]
[Site "Vila Seca"]
[Date "2019.04.21"]
[Round "6"]
[White "Martin Barcelo, Carles"]
[Black "Chueca Forcen, Alberto"]
[Result "0-1"]
[WhiteElo "2030"]
[BlackElo "2270"]
[PlyCount "72"]
[EventDate "2019.04.18"]
[EventType "swiss"]
[EventRounds "8"]
[EventCountry "ESP"]
[SourceTitle "CBM 189 Extra"]
[Source "ChessBase"]
[SourceDate "2019.05.31"]
[SourceVersion "1"]
[SourceVersionDate "2019.05.31"]
[SourceQuality "1"]

1. e4 Nf6 2. e5 Nd5 3. d4 d6 4. c4 Nb6 5. exd6 exd6 6. Nc3 Be7 7. Be3 0-0 8. Qf3 c6 9. Bd3 d5 10. cxd5 Nxd5 11. Nxd5 Qxd5 12. Qxd5 cxd5 13. Ne2 Nc6 14. Rc1 Be6 15. Kd2 h6 16. Rhd1 Rfc8 17. Ke1 Kf8 18. h3 Ke8 19. Nc3 Na5 20. Na4 Nc4 21. Rc2 Nxe3 22. fxe3 Rxc2 23. Bxc2 Kd7 24. Nc5+ Bxc5 25. dxc5 Kc6 26. b4 Kb5 27. Rb1 Rd8 28. Bd3+ Kc6 29. Kd2 d4 30. exd4 Rxd4 31. Ke3 Rxd3+ 32. Kxd3 Bf5+ 33. Kc4 Bxb1 34. b5+ Kd7 35. a4 Ba2+ 36. Kd4 b6 0-1

[Event "Catalunya-ch"]
[Site "Vila Seca"]
[Date "2019.04.19"]
[Round "3"]
[White "Chueca Forcen, Alberto"]
[Black "Ayats Llobera, Gerard"]
[Result "1/2-1/2"]
[WhiteElo "2270"]
[BlackElo "2363"]
[PlyCount "98"]
[EventDate "2019.04.18"]
[EventType "swiss"]
[EventRounds "8"]
[EventCountry "ESP"]
[SourceTitle "CBM 189 Extra"]
[Source "ChessBase"]
[SourceDate "2019.05.31"]
[SourceVersion "1"]
[SourceVersionDate "2019.05.31"]
[SourceQuality "1"]

1. d4 Nf6 2. c4 c6 3. Nc3 d5 4. Nf3 e6 5. Bg5 Nbd7 6. e3 Qa5 7. cxd5 Nxd5 8. Qd2 N7b6 9. Nxd5 Qxd2+ 10. Nxd2 exd5 11. Bd3 Bd6 12. 0-0 Be6 13. Rfc1 a5 14. Nb3 Nc4 15. Rc2 b6 16. Nd2 f6 17. Bh4 Nxd2 18. Rxd2 c5 19. dxc5 bxc5 20. Bb5+ Ke7 21. Bg3 Rhd8 22. Rad1 Bxg3 23. hxg3 a4 24. Bc6 Rab8 25. Bxa4 d4 26. exd4 Rxd4 27. b3 Rxd2 28. Rxd2 c4 29. Rc2 Rb4 30. a3 Rb8 31. bxc4 Ra8 32. Bb5 Rxa3 33. Rd2 Ra1+ 34. Kh2 Rc1 35. f3 h5 36. Ra2 g5 37. Ra6 h4 38. gxh4 gxh4 39. Ra7+ Kf8 40. Rh7 h3 41. g4 f5 42. Rxh3 fxg4 43. fxg4 Bxc4 44. Rh8+ Kg7 45. Rc8 Rc2+ 46. Kg3 Bd3 47. Rb8 Rb2 48. Rb7+ Kf8 49. Ba6 Rxb7 1/2-1/2

[Event "Catalunya-ch"]
[Site "Vila Seca"]
[Date "2019.04.19"]
[Round "2"]
[White "Clanchet Olle, Josep"]
[Black "Chueca Forcen, Alberto"]
[Result "0-1"]
[WhiteElo "1626"]
[BlackElo "2270"]
[PlyCount "86"]
[EventDate "2019.04.18"]
[EventType "swiss"]
[EventRounds "8"]
[EventCountry "ESP"]
[SourceTitle "CBM 189 Extra"]
[Source "ChessBase"]
[SourceDate "2019.05.31"]
[SourceVersion "1"]
[SourceVersionDate "2019.05.31"]
[SourceQuality "1"]

1. e4 e5 2. Nf3 Nc6 3. Bc4 Bc5 4. Nc3 Nf6 5. d3 d6 6. h3 h6 7. 0-0 0-0 8. Na4 Qe7 9. Nxc5 dxc5 10. Be3 Rd8 11. Qe2 Na5 12. Rfd1 Nxc4 13. dxc4 Bd7 14. Nd2 Bc6 15. f3 b6 16. Nf1 Nh5 17. Rxd8+ Rxd8 18. Rd1 Nf4 19. Bxf4 exf4 20. Rxd8+ Qxd8 21. Qd3 Qd4+ 22. Qxd4 cxd4 23. Nd2 Ba4 24. b3 Bd7 25. Kf2 c5 26. Ke2 f5 27. Kd3 Kf7 28. c3 dxc3 29. Kxc3 Kf6 30. a3 Ke5 31. b4 cxb4+ 32. axb4 fxe4 33. Nxe4 Bf5 34. c5 Bd7 35. Kc4 bxc5 36. Kxc5 a6 37. Kb6 Bb5 38. Nc5 Bf1 39. Nxa6 Bxg2 40. Kc7 Bxf3 41. b5 Be2 42. Kc6 f3 43. Nc5 f2 0-1

[Event "Catalunya-chT Gp2"]
[Site "Barcelona"]
[Date "2019.02.09"]
[Round "4.8"]
[White "Chueca Forcen, Alberto"]
[Black "Garcia Acosta, Roger"]
[Result "1-0"]
[WhiteElo "2270"]
[BlackElo "2096"]
[PlyCount "59"]
[EventDate "2019.01.19"]
[EventType "team-tourn"]
[EventRounds "7"]
[EventCountry "ESP"]
[SourceTitle "CBM 188 Extra"]
[Source "ChessBase"]
[SourceDate "2019.02.28"]
[SourceVersion "1"]
[SourceVersionDate "2019.02.28"]
[SourceQuality "1"]
[WhiteTeam "Barcelona Escola Escacs"]
[BlackTeam "Cerdanyola Valles"]
[WhiteTeamCountry "ESP"]
[BlackTeamCountry "ESP"]

1. d4 d5 2. c4 e6 3. Nc3 Nf6 4. Bg5 Be7 5. e3 h6 6. Bh4 b6 7. Nf3 0-0 8. Be2 Bb7 9. Bxf6 Bxf6 10. cxd5 exd5 11. b4 c5 12. bxc5 bxc5 13. Rc1 c4 14. 0-0 Re8 15. Nd2 Bc6 16. Bf3 Qd7 17. Rb1 Na6 18. g3 Rab8 19. Bg2 Rb6 20. Rxb6 axb6 21. Qf3 Re6 22. Nxd5 Nb4 23. e4 Bxd5 24. exd5 Re8 25. Nxc4 Bxd4 26. Qf4 Bc5 27. Nxb6 Qd8 28. Na4 Nxd5 29. Qf5 Bxf2+ 30. Qxf2 1-0

[Event "Catalunya-chT Gp2"]
[Site "Barcelona"]
[Date "2019.01.26"]
[Round "2.9"]
[White "Fernandez Lopez, Joan"]
[Black "Chueca Forcen, Alberto"]
[Result "0-1"]
[WhiteElo "2090"]
[BlackElo "2270"]
[PlyCount "88"]
[EventDate "2019.01.19"]
[EventType "team-tourn"]
[EventRounds "7"]
[EventCountry "ESP"]
[SourceTitle "CBM 188 Extra"]
[Source "ChessBase"]
[SourceDate "2019.02.28"]
[SourceVersion "1"]
[SourceVersionDate "2019.02.28"]
[SourceQuality "1"]
[WhiteTeam "Andorra"]
[BlackTeam "Barcelona Escola Escacs"]
[WhiteTeamCountry "AND"]
[BlackTeamCountry "ESP"]

1. e4 e5 2. Nc3 Nf6 3. f4 d5 4. fxe5 Nxe4 5. Nf3 c5 6. Bb5+ Nc6 7. Qe2 Nxc3 8. dxc3 Be7 9. Bf4 0-0 10. Rd1 Be6 11. 0-0 c4 12. Kh1 Na5 13. b4 a6 14. Ba4 b5 15. bxa5 bxa4 16. Nd4 Qd7 17. Nxe6 Qxe6 18. Qf3 Rfd8 19. Be3 Rd7 20. Bd4 Rb7 21. Bb6 Rd7 22. Bd4 Bd8 23. Qg3 Qg6 24. Qh3 Re7 25. Rf4 Rb8 26. Rdf1 Qe6 27. Qg3 Reb7 28. h3 Rb1 29. Rxb1 Rxb1+ 30. Kh2 Bc7 31. Rf6 Qxf6 32. exf6 Bxg3+ 33. Kxg3 gxf6 34. a3 Kg7 35. Kf3 Rb2 36. g3 Rxc2 37. Ke3 Kg6 38. Kf4 Rh2 39. Kg4 h5+ 40. Kf3 Kf5 41. g4+ hxg4+ 42. hxg4+ Ke6 43. Bf2 Rh3+ 44. Bg3 d4 0-1

[Event "Guimaraes 2nd"]
[Site "Guimaraes"]
[Date "2018.10.06"]
[Round "5"]
[White "Chueca Forcen, Alberto"]
[Black "Fernandes, Joao Pedro Murtinho"]
[Result "1-0"]
[WhiteElo "2278"]
[BlackElo "2067"]
[PlyCount "77"]
[EventDate "2018.10.04"]
[EventType "swiss"]
[EventRounds "7"]
[EventCountry "POR"]
[SourceTitle "CBM 186 Extra"]
[Source "ChessBase"]
[SourceDate "2018.08.24"]
[SourceVersion "1"]
[SourceVersionDate "2018.08.24"]
[SourceQuality "1"]

1. e4 c5 2. Nf3 d6 3. d4 cxd4 4. Nxd4 Nf6 5. Nc3 g6 6. f3 Bg7 7. Be3 0-0 8. Qd2 Nc6 9. 0-0-0 d5 10. exd5 Nxd5 11. Nxc6 bxc6 12. Nxd5 cxd5 13. Qxd5 Qc7 14. Qc5 Qb7 15. Bd4 Bf5 16. Bd3 Rfc8 17. Qa3 Bxd3 18. Qxd3 e5 19. Bc3 Rab8 20. Rhe1 a5 21. Rxe5 Bxe5 22. Bxe5 Ra8 23. a4 Qc6 24. b3 f6 25. Bb2 Rd8 26. Qxd8+ Rxd8 27. Rxd8+ Kf7 28. Rd3 Qc7 29. g3 Qc5 30. Bd4 Qh5 31. h4 g5 32. hxg5 fxg5 33. g4 Qg6 34. Bc3 Qb6 35. Rd5 Qe3+ 36. Kb2 Kg6 37. Rxa5 Qxf3 38. Ra6+ Kf7 39. Rf6+ 1-0

[Event "Guimaraes 2nd"]
[Site "Guimaraes"]
[Date "2018.10.06"]
[Round "4"]
[White "Gawle, Ireneusz"]
[Black "Chueca Forcen, Alberto"]
[Result "0-1"]
[WhiteElo "1800"]
[BlackElo "2278"]
[PlyCount "72"]
[EventDate "2018.10.04"]
[EventType "swiss"]
[EventRounds "7"]
[EventCountry "POR"]
[SourceTitle "CBM 186 Extra"]
[Source "ChessBase"]
[SourceDate "2018.08.24"]
[SourceVersion "1"]
[SourceVersionDate "2018.08.24"]
[SourceQuality "1"]

1. e4 e5 2. Nf3 Nc6 3. Bc4 Bc5 4. c3 Nf6 5. d4 exd4 6. cxd4 Bb4+ 7. Bd2 Bxd2+ 8. Nbxd2 d5 9. exd5 Nxd5 10. 0-0 0-0 11. Qb3 Na5 12. Qc2 Nxc4 13. Nxc4 c6 14. a4 a5 15. Rfe1 Be6 16. Ne3 h6 17. Rad1 Qb6 18. Ne5 Nxe3 19. Rxe3 Rfd8 20. Nc4 Qb4 21. b3 Rd5 22. Qb2 Rad8 23. h3 c5 24. Red3 R5d7 25. d5 Rxd5 26. Rxd5 Rxd5 27. Rxd5 Bxd5 28. Qc2 b5 29. axb5 Qxb5 30. Qd3 Bxc4 31. bxc4 Qe8 32. Kf1 a4 33. Qd6 Qa8 34. Qxc5 a3 35. Qe5 a2 36. Qa1 Qa4 0-1

[Event "Guimaraes 2nd"]
[Site "Guimaraes"]
[Date "2018.10.04"]
[Round "1"]
[White "Chueca Forcen, Alberto"]
[Black "Goncalves, Lucas Jordao"]
[Result "1-0"]
[WhiteElo "2278"]
[BlackElo "1401"]
[PlyCount "43"]
[EventDate "2018.10.04"]
[EventType "swiss"]
[EventRounds "7"]
[EventCountry "POR"]
[SourceTitle "CBM 186 Extra"]
[Source "ChessBase"]
[SourceDate "2018.08.24"]
[SourceVersion "1"]
[SourceVersionDate "2018.08.24"]
[SourceQuality "1"]

1. Nc3 Nf6 2. e4 e5 3. Nf3 Nc6 4. a3 a6 5. d4 exd4 6. Nxd4 Nxd4 7. Qxd4 d6 8. Bg5 Be7 9. 0-0-0 h6 10. Bh4 0-0 11. e5 Ne8 12. Bxe7 Qxe7 13. Nd5 Qd7 14. Bd3 b6 15. Qe4 g6 16. exd6 Qxd6 17. Ne7+ Kh7 18. Qxa8 Qxe7 19. Qxc8 Nd6 20. Qg4 f5 21. Qf4 g5 22. Qe3 1-0

[Event "Catalunya-chT GpA final"]
[Site "Barcelona"]
[Date "2018.04.14"]
[Round "4.8"]
[White "Chueca Forcen, Alberto"]
[Black "Martinez Talavera, Jordi"]
[Result "1-0"]
[WhiteElo "2277"]
[BlackElo "1998"]
[PlyCount "39"]
[EventDate "2018.03.10"]
[EventType "team-tourn"]
[EventRounds "4"]
[EventCountry "ESP"]
[SourceTitle "EXT 2019"]
[Source "ChessBase"]
[SourceDate "2018.10.10"]
[SourceVersion "1"]
[SourceVersionDate "2018.10.10"]
[SourceQuality "1"]
[WhiteTeam "Barcelona Escola Escacs"]
[BlackTeam "Sant Josep de Badalona"]
[WhiteTeamCountry "ESP"]
[BlackTeamCountry "ESP"]

1. e4 e6 2. d4 d5 3. Nc3 Bb4 4. e5 c5 5. a3 Bxc3+ 6. bxc3 Qc7 7. Nf3 Nc6 8. Be2 cxd4 9. cxd4 f6 10. 0-0 Bd7 11. c4 Rd8 12. cxd5 exd5 13. Re1 fxe5 14. Nxe5 Nxe5 15. Bh5+ Kf8 16. Rxe5 Be8 17. Rf5+ Nf6 18. Rxf6+ gxf6 19. Bh6+ Ke7 20. Qe2+ 1-0

[Event "Barcelona Sants op 19th"]
[Site "Barcelona"]
[Date "2017.08.26"]
[Round "9"]
[White "Chueca Forcen, Alberto"]
[Black "Louis, Thibault"]
[Result "0-1"]
[WhiteElo "2361"]
[BlackElo "2186"]
[PlyCount "124"]
[EventDate "2017.08.18"]
[EventType "swiss"]
[EventRounds "10"]
[EventCountry "ESP"]
[SourceTitle "CBM 180 Extra"]
[Source "ChessBase"]
[SourceDate "2017.10.06"]
[SourceVersion "1"]
[SourceVersionDate "2017.10.06"]
[SourceQuality "1"]

1. d4 e6 2. Bf4 Nf6 3. e3 c5 4. c3 Nc6 5. Nf3 d5 6. Nbd2 cxd4 7. exd4 Nh5 8. Be3 Bd6 9. Ne5 g6 10. Ndf3 f6 11. Ng4 e5 12. dxe5 fxe5 13. Bg5 Be7 14. Bxe7 Qxe7 15. h3 e4 16. Nd4 Bxg4 17. hxg4 Nf4 18. Qd2 Nd3+ 19. Bxd3 exd3+ 20. Kf1 Nxd4 21. cxd4 0-0 22. Qxd3 Rae8 23. Rh3 Rf4 24. Rd1 Qe6 25. f3 Qxg4 26. Kf2 Qe6 27. Rhh1 Qf6 28. g3 Rfe4 29. Rde1 R8e7 30. Qc3 Rf7 31. Kg2 Rxd4 32. Re8+ Kg7 33. Qe3 h5 34. b3 Rb4 35. Rc1 Qb2+ 36. Kh3 Qd4 37. Qg5 Qf6 38. Qxd5 Qxf3 39. Qxf3 Rxf3 40. Rc7+ Rf7 41. Rxf7+ Kxf7 42. Re2 Kf6 43. Kg2 Kf5 44. Kf3 Rd4 45. Re7 Rd3+ 46. Kf2 g5 47. Kg2 Rd2+ 48. Kf3 g4+ 49. Ke3 Rxa2 50. Rf7+ Kg6 51. Rxb7 Rg2 52. Kf4 Rf2+ 53. Ke4 Rf3 54. Rxa7 Rxg3 55. Ra5 Rxb3 56. Kf4 Rf3+ 57. Ke4 Rf7 58. Ra8 Kg5 59. Ke3 g3 60. Rh8 Kh4 61. Ke2 g2 62. Rg8 Kh3 0-1